000 00483nam a2200181Ia 4500
005 20250326141232.0
008 250326s9999 xx 000 0 und d
037 _aTextbook
040 _aFMSL
_beng
_cFMSL
041 _aeng
_2eng
084 _aX:8M M5
_qFMSL
100 _aBagrial A K
245 0 _aTextbook of sectrial practice
_cBagrial A K
260 _aNew Delhi
_bNew Delhi, Vikas
_c1988
300 _a701p
942 _cTB
_hX:8M M5
999 _c1289359
_d1289359